Riconosci il Pokémon - Quiz n°118 - Statistics

Statistiche generali
  • Questo quiz è stato fatto 3 volte
  • Il punteggio medio è 7 su 10
Statistiche sulle risposte
Indizio Risposta % Corretto
Tipo Psico / Acciaio
100%
Generazione Settima
100%
Peso 230,0 kg
67%
Altezza 3,4 m
67%
Tasso di cattura 45 (11.9%)
67%
Tasso di allevamento Lento
67%
Abilità Metalprotezione
67%
Sesso Sconosciuto
67%
Stadio evoluzione Seconda evoluzione
67%
Pokémon Solgaleo
67%
Nessun quiz corrispondente trovato
Distribuzione punteggi
Percentuale di utenti per punteggio
Percentile per numero di risposta
I tuoi punteggi nel tempo
Non hai fatto questo quiz